Effect of earth worm (Eisenia foetida) and white amaranth (Amaranthus albus.L) in HI-GRO commercial on growth rate of chicken at royal university of agriculture, ឥទ្ធិពលនៃការបន្ថែមជន្លេនក្រហម និងផ្ទីសស្រស់ទៅលើចំណីស៊ីភី សម្រាប់ការលូតលាស់របស់មាន់សាច់នៅសាកលវិទ្យាល័យភូមិន្ទកសិកម្ម (Record no. 2404)

000 -LEADER
fixed length control field 00856nam a22001337a 4500
040 ## - CATALOGING SOURCE
Transcribing agency RUA
082 ## - DEWEY DECIMAL CLASSIFICATION NUMBER
Classification number AVM PAN 2010 B093 Or.1
100 ## - MAIN ENTRY--AUTHOR NAME
Personal name PAN, MONY.
245 ## - TITLE STATEMENT
Title Effect of earth worm (Eisenia foetida) and white amaranth (Amaranthus albus.L) in HI-GRO commercial on growth rate of chicken at royal university of agriculture, ឥទ្ធិពលនៃការបន្ថែមជន្លេនក្រហម និងផ្ទីសស្រស់ទៅលើចំណីស៊ីភី សម្រាប់ការលូតលាស់របស់មាន់សាច់នៅសាកលវិទ្យាល័យភូមិន្ទកសិកម្ម
260 ## - PUBLICATION, DISTRIBUTION, ETC. (IMPRINT)
Place of publication Phnom Penh
Name of publisher RUA
Year of publication 2010
300 ## - PHYSICAL DESCRIPTION
Number of Pages xiii; 41p.
Other physical details ill.
Dimensions 29cm.
856 ## - ELECTRONIC LOCATION AND ACCESS
Uniform Resource Identifier https://drive.google.com/file/d/1ZKQ19JBWVCVl7OYTGcrVl7592z_ZUBDf/view?usp=sharing
942 ## - ADDED ENTRY ELEMENTS (KOHA)
Koha item type AVM
952 ## - LOCATION AND ITEM INFORMATION (KOHA)
Withdrawn status [LOCAL, KOHA] 0
952 ## - LOCATION AND ITEM INFORMATION (KOHA)
Withdrawn status [LOCAL, KOHA] 0
952 ## - LOCATION AND ITEM INFORMATION (KOHA)
Withdrawn status [LOCAL, KOHA] 0
952 ## - LOCATION AND ITEM INFORMATION (KOHA)
Withdrawn status [LOCAL, KOHA] 0
952 ## - LOCATION AND ITEM INFORMATION (KOHA)
Withdrawn status [LOCAL, KOHA] 0
952 ## - LOCATION AND ITEM INFORMATION (KOHA)
Withdrawn status [LOCAL, KOHA] 0
952 ## - LOCATION AND ITEM INFORMATION (KOHA)
Withdrawn status [LOCAL, KOHA] 0
952 ## - LOCATION AND ITEM INFORMATION (KOHA)
Withdrawn status [LOCAL, KOHA] 0
952 ## - LOCATION AND ITEM INFORMATION (KOHA)
Withdrawn status [LOCAL, KOHA] 0
Holdings
Permanent Location Date acquired Koha item type Lost status Shelving location Barcode Current Location Full call number
Library Block B2015-10-20AVM B093RUA019542Library Block BAVM PAN 2010 B093 Or.1
Library Block B2015-10-20AVM B093RUA019782Library Block BAVM PAN 2010 B093 Or.2
Library Block B2015-10-20AVM B093RUA019623Library Block BAVM PAN 2010 B093 Or.3
Library Block B2015-10-20AVM B093RUA019547Library Block BAVM PAN 2010 B093 Or.4
Library Block B2015-10-20AVM B093RUA019998Library Block BAVM PAN 2010 B093 Or.5
Library Block B2015-10-24AVM B093RUA015797Library Block BAVM PAN 2010 B093 Or.6
Library Block B2015-10-24AVM B093RUA015506Library Block BAVM PAN 2010 B093 Or.7
Library Block B2015-10-24AVM B093RUA015362Library Block BAVM PAN 2010 B093 Or.8
Library Block B2015-10-24AVM B093RUA015503Library Block BAVM PAN 2010 B093 Or.9
មជ្ឈមណ្ឌលឯការនៃសាកលវិទ្យាល័យភូមិន្ទកសិកម្មចំការដូង

Powered by Koha